Financial valuation workbook : (Record no. 5245)

MARC details
000 -LEADER
fixed length control field 01341nac a22003131u 4500
010 ## - LIBRARY OF CONGRESS CONTROL NUMBER
LC control number 2003279702
020 ## - INTERNATIONAL STANDARD BOOK NUMBER
International Standard Book Number 0471220833
035 ## - SYSTEM CONTROL NUMBER
System control number (OCoLC)ocm52250877
082 04 - DEWEY DECIMAL CLASSIFICATION NUMBER
Classification number 658.15
Item number HIT.
090 ## - LOCALLY ASSIGNED LC-TYPE CALL NUMBER (OCLC); LOCAL CALL NUMBER (OCLC)
-- 5245
-- 5245
100 ## - MAIN ENTRY--PERSONAL NAME
Personal name Hitchner, James R.
245 10 - TITLE STATEMENT
Title Financial valuation workbook :
Remainder of title step-by-step exercises to help you master financial valuation /
Statement of responsibility, etc James R. Hitchner and Michael J. Mard.
260 ## - PUBLICATION, DISTRIBUTION, ETC. (IMPRINT)
Place of publication, distribution, etc Hoboken, N.J. :
Name of publisher, distributor, etc J. Wiley & Sons,
Date of publication, distribution, etc c2003.
300 ## - PHYSICAL DESCRIPTION
Extent viii, 231 p. :
Other physical details ill. ;
Dimensions 26 cm.
490 1# - Series Statement
Series statement Wiley finance
500 ## - GENERAL NOTE
General note Distributer :Al Ahram.
504 ## - BIBLIOGRAPHY, ETC. NOTE
Bibliography, etc Includes bibliographical references and index.
511 ## - PARTICIPANT OR PERFORMER NOTE
Participant or performer note Catalogued By :Mahitab.
650 #0 - SUBJECT ADDED ENTRY--TOPICAL TERM
Topical term or geographic name as entry element Corporations
General subdivision Valuation.
650 #0 - SUBJECT ADDED ENTRY--TOPICAL TERM
Topical term or geographic name as entry element Corporations
General subdivision Valuation
Form subdivision Handbooks, manuals, etc.
650 #0 - SUBJECT ADDED ENTRY--TOPICAL TERM
Topical term or geographic name as entry element Business enterprises
General subdivision Valuation.
650 #0 - SUBJECT ADDED ENTRY--TOPICAL TERM
Topical term or geographic name as entry element Business enterprises
General subdivision Valuation
Form subdivision Handbooks, manuals, etc.
700 1# - ADDED ENTRY--PERSONAL NAME
Personal name Mard, Michael J.
830 #0 - SERIES ADDED ENTRY--UNIFORM TITLE
Uniform title Wiley finance series.
856 42 - ELECTRONIC LOCATION AND ACCESS
Materials specified Contributor biographical information
Uniform Resource Identifier <a href="http://www.loc.gov/catdir/bios/wiley046/2003279702.html">http://www.loc.gov/catdir/bios/wiley046/2003279702.html</a>
856 42 - ELECTRONIC LOCATION AND ACCESS
Materials specified Publisher description
Uniform Resource Identifier <a href="http://www.loc.gov/catdir/description/wiley041/2003279702.html">http://www.loc.gov/catdir/description/wiley041/2003279702.html</a>
856 42 - ELECTRONIC LOCATION AND ACCESS
Materials specified Table of contents
Uniform Resource Identifier <a href="http://www.loc.gov/catdir/toc/wiley041/2003279702.html">http://www.loc.gov/catdir/toc/wiley041/2003279702.html</a>
942 ## - ADDED ENTRY ELEMENTS (KOHA)
Item type Book - Borrowing
Call number prefix 658.15HIT.
Holdings
Withdrawn status Item status Damaged status Not for loan Home library Current library Shelving location Date acquired Source of acquisition Total Checkouts Full call number Barcode Date last seen Date last borrowed Koha item type
        Central Library Central Library First floor 22/10/2007 Purchase 1 658.15HIT. 000006450 15/07/2025 12/04/2016 Book - Borrowing